LEADER 01457nam a2200301 4500 001 000000367963 003 CaOOAMICUS 005 20260604124747.0 008 260603s2026 it 000 u ita r 020 $a979-12-5595-058-5 040 $aSeMil$bita 245 00$aGiuseppe Lazzati testimone e maestro :$beredità e profezia di un laico secondo il Vangelo /$ca cura di Gianni Borsa e Luciano Caimi ; contributi di Marta Margotti, Franco Monaco, Valentina Soncini. 264 1$aMilano :$bIn Dialogo,$c2026. 300 $a99 p. ;$c21 cm 600 14$aLazzati, Giuseppe <1909-1986>.$0(OLS)http://semarc/subject/9 700 1 $aBorsa, Gianni.$0(OLS)http://semarc/name/41197 700 1 $aCaimi, Luciano,$d<1947- >.$0(OLS)http://semarc/name/5077 700 1 $aMargotti, Marta,$d<1963- >.$0(OLS)http://semarc/name/44367 700 1 $aMonaco, Franco,$d<1951- >.$0(OLS)http://semarc/name/32362 700 1 $aSoncini, Valentina.$0(OLS)http://semarc/name/43268 850 $aSeMil 852 $aSeMil$W1$xVenegono$y1$m3N II 857$j272903$B258616$CSeMilBibl$Z2$F258616 $81 941 1 $a7 961 $aOmaggio mons. Mario Delpini 996 $6020$a979-12-5595-058-5$9(OLS)http://semarc/number/306020 996 $6245$aGiuseppe Lazzati testimone e maestro :$beredità e profezia di un laico secondo il Vangelo$9(OLS)http://semarc/title/459989 996 $6264$aMilano :$bIn Dialogo$9(OLS)http://semarc/publisher/31663